Dataset Open Access

Benchmarking Universal Machine Learning Interatomic Potentials on Elemental Systems

Tahmasbi, Hossein; Knüpfer, Andreas; Kühne, Thomas Dae-Song; Mir Hosseini, Seyed Hossein


MARC21 XML Export

<?xml version='1.0' encoding='UTF-8'?>
<record xmlns="http://www.loc.gov/MARC21/slim">
  <leader>00000nmm##2200000uu#4500</leader>
  <datafield tag="540" ind1=" " ind2=" ">
    <subfield code="u">https://creativecommons.org/licenses/by/4.0/legalcode</subfield>
    <subfield code="a">Creative Commons Attribution 4.0 International</subfield>
  </datafield>
  <datafield tag="650" ind1="1" ind2="7">
    <subfield code="a">cc-by</subfield>
    <subfield code="2">opendefinition.org</subfield>
  </datafield>
  <datafield tag="260" ind1=" " ind2=" ">
    <subfield code="c">2026-04-09</subfield>
  </datafield>
  <datafield tag="909" ind1="C" ind2="O">
    <subfield code="o">oai:rodare.hzdr.de:4596</subfield>
    <subfield code="p">openaire_data</subfield>
    <subfield code="p">user-matter</subfield>
    <subfield code="p">user-rodare</subfield>
  </datafield>
  <datafield tag="700" ind1=" " ind2=" ">
    <subfield code="a">Knüpfer, Andreas</subfield>
    <subfield code="0">(orcid)0000-0003-3591-397X</subfield>
  </datafield>
  <datafield tag="700" ind1=" " ind2=" ">
    <subfield code="a">Kühne, Thomas Dae-Song</subfield>
  </datafield>
  <datafield tag="700" ind1=" " ind2=" ">
    <subfield code="a">Mir Hosseini, Seyed Hossein</subfield>
  </datafield>
  <datafield tag="542" ind1=" " ind2=" ">
    <subfield code="l">open</subfield>
  </datafield>
  <datafield tag="245" ind1=" " ind2=" ">
    <subfield code="a">Benchmarking Universal Machine Learning Interatomic Potentials on Elemental Systems</subfield>
  </datafield>
  <controlfield tag="005">20260410101031.0</controlfield>
  <datafield tag="100" ind1=" " ind2=" ">
    <subfield code="a">Tahmasbi, Hossein</subfield>
    <subfield code="0">(orcid)0000-0002-3072-8217</subfield>
  </datafield>
  <datafield tag="773" ind1=" " ind2=" ">
    <subfield code="a">https://www.hzdr.de/publications/Publ-43234</subfield>
    <subfield code="i">isIdenticalTo</subfield>
    <subfield code="n">url</subfield>
  </datafield>
  <datafield tag="773" ind1=" " ind2=" ">
    <subfield code="a">10.14278/rodare.4595</subfield>
    <subfield code="i">isVersionOf</subfield>
    <subfield code="n">doi</subfield>
  </datafield>
  <datafield tag="520" ind1=" " ind2=" ">
    <subfield code="a">&lt;p&gt;Reference data and scripts generated for&amp;nbsp;the &amp;quot;Benchmarking Universal Machine Learning Interatomic&lt;br&gt;
Potentials on Elemental Systems&amp;quot; manuscript.&lt;/p&gt;</subfield>
  </datafield>
  <datafield tag="980" ind1=" " ind2=" ">
    <subfield code="a">user-matter</subfield>
  </datafield>
  <datafield tag="980" ind1=" " ind2=" ">
    <subfield code="a">user-rodare</subfield>
  </datafield>
  <controlfield tag="001">4596</controlfield>
  <datafield tag="856" ind1="4" ind2=" ">
    <subfield code="s">13795417</subfield>
    <subfield code="u">https://rodare.hzdr.de/record/4596/files/Unary_Benchmark.tar.gz</subfield>
    <subfield code="z">md5:1ea5cc0b010ef998c4c90800cb995e60</subfield>
  </datafield>
  <datafield tag="980" ind1=" " ind2=" ">
    <subfield code="a">dataset</subfield>
  </datafield>
  <datafield tag="024" ind1=" " ind2=" ">
    <subfield code="a">10.14278/rodare.4596</subfield>
    <subfield code="2">doi</subfield>
  </datafield>
</record>
31
1
views
downloads
All versions This version
Views 3131
Downloads 11
Data volume 13.8 MB13.8 MB
Unique views 2828
Unique downloads 11

Share

Cite as